Ποσοτικές μέθοδοι για την αντιμετώπιση διοικητικών προβλημάτων σε υποθετικές εταιρίες : πτυχιακή εργασία

Αποθηκεύτηκε σε:
Λεπτομέρειες βιβλιογραφικής εγγραφής
Κύριος συγγραφέας: Δεμίρης, Κωνσταντίνος
Συγγραφή απο Οργανισμό/Αρχή: Πανεπιστήμιο Αιγαίου Σχολή Επιστημών της Διοίκησης Τμήμα Διοίκησης Επιχειρήσεων - Τ.Δ.Ε
Άλλοι συγγραφείς: Αγγελής, Βασίλης (Εισηγητής διατριβής), Δούνιας, Γεώργιος Δ. (Εισηγητής διατριβής)
Μορφή: Thesis Βιβλίο
Γλώσσα:Greek
Δημοσίευση: 2001
Θέματα:
Ετικέτες: Προσθήκη ετικέτας
Δεν υπάρχουν, Καταχωρήστε ετικέτα πρώτοι!

MARC

LEADER 00000cam a2200000 i 4500
001 1/38082
008 030711s2001 gre d
035 |l 10070374 
040 |a GR-MY-UA  |b gre  |e aacr 
041 0 |a gre 
082 0 |a 658.40353  |2 (22) 
100 1 |a Δεμίρης, Κωνσταντίνος. 
245 1 0 |a Ποσοτικές μέθοδοι για την αντιμετώπιση διοικητικών προβλημάτων σε υποθετικές εταιρίες :   |b πτυχιακή εργασία /  |c Κωνσταντίνος Δεμίρης ; επιβλέποντες: Δούνιας Γεώργιος ; Αγγελής Βασίλειος 
260 |c 2001 
300 |a 98 σ.;  |b πίν. ,σχ.;  |c 30 εκ. 
502 |a Πτυχιακή εργασία – Πανεπιστήμιο Αιγαίου, Χίος, 2001. 
504 |a Περιλαμβάνει βιβλιογραφία 
610 2 0 |a Πανεπιστήμιο Αιγαίου. 
650 0 0 |a Game theory. 
650 0 0 |a Managerial economics. 
650 0 0 |a Dissertations, Academic  |z Greece. 
700 1 |a Αγγελής, Βασίλης.  |4 ths 
700 1 |4 ths  |a Δούνιας, Γεώργιος Δ. 
710 1 |a Πανεπιστήμιο Αιγαίου  |b Σχολή Επιστημών της Διοίκησης  |b Τμήμα Διοίκησης Επιχειρήσεων - Τ.Δ.Ε. 
852 |a INST  |b CHIOS  |c DIATR  |e 20030711  |h 658.40353 ΔΕΜ  |p 005200013239  |q 005200013239  |t DIE  |y 23 
901 |a BIBL2-2003-2 
909 |a Χ  |b 104745 
924 |a Δεμίρης  |b Κωνσταντίνος  |y Χίος  |z 2003-07 
970 |a Χαζίρη  |b Αννα  |z 2003/06/11